000
00236nam a22000857a 4500
008
161110b xxu||||| |||| 00| 0 eng d
100
_a
Singh k. v
_9
1108
245
_a
The Colorful world of flags
260
_a
New Delhi
_b
National Book Trust
_c
2007
999
_c
3770
_d
3770